| 000 | 01389nac a2200385 i 4500 | ||
|---|---|---|---|
| 003 | EG-ScBUE | ||
| 005 | 20260312093835.0 | ||
| 008 | 090203t2007 flua f b 001 0 eng d | ||
| 020 | _a0824706943 | ||
| 020 | _a9780824706944 | ||
| 035 | _a(OCoLC)ocm69680140 | ||
| 035 | _a(OCoLC)69680140 | ||
| 040 |
_aEG-ScBUE _beng _erda _cEG-ScBUE _dEG-ScBUE |
||
| 082 | 0 | 4 |
_a553.28 _bPED _222 |
| 100 | 1 |
_aPedersen, K. S. _q(Karen Schou), _924664 _eauthor. |
|
| 245 | 1 | 0 |
_aPhase behavior of petroleum reservoir fluids / _cKaren Schou Pedersen, Peter L. Christensen. |
| 264 | 1 |
_aBoca Raton, FL : _bTaylor & Francis Group, _c[2007] |
|
| 264 | 4 | _cc2007 | |
| 300 |
_a406 pages : _billustrations ; _c27 cm |
||
| 336 |
_2rdacontent _atext _btxt |
||
| 337 |
_aunmediated _2rdamedia _bn |
||
| 338 |
_avolume _bnc _2rdacarrier |
||
| 500 | _aIncludes appendix. | ||
| 504 | _aIncludes bibliographical references and index. | ||
| 650 | 7 |
_aPetroleum reserves _xMathematical models. _924665 _2BUEsh |
|
| 650 | 7 |
_aPetroleum _xGeology _xMathematical models. _924666 _2BUEsh |
|
| 650 | 7 |
_aPhase rule and equilibrium. _924667 _2BUEsh |
|
| 650 | 7 |
_aThermodynamic equilibrium. _924668 _2BUEsh |
|
| 650 | 7 |
_aHeavy oil. _924669 _2BUEsh |
|
| 650 | 7 |
_aHydrocarbons. _924670 _2BUEsh |
|
| 653 | _cJune2011 | ||
| 655 | _vReading book | ||
| 700 | 1 |
_924671 _aChristensen, Peter L. _q(Peter Lindskou), _eauthor. |
|
| 942 |
_cBB _2ddc |
||
| 999 |
_c2183 _d2183 |
||